Objective-C : Visual QuickStart Guide /

Objective C 2.0 is the object-oriented language that is the basis for Cocoa and Cocoa Touch, the development environment for the iPhone/iPod Touch.You'll learn all the basics: from handling data and creating functions to managing memory and handling exceptions. For programmers who want to devel...

Full description

Bibliographic Details
Main Author: Holzner, Steven (Author)
Corporate Author: Safari, an O'Reilly Media Company
Format: eBook
Language:English
Published: Peachpit Press, 2010.
Edition:1st edition.
Subjects:
Online Access:Connect to this electronic resource

MARC

Tag First Indicator Second Indicator Subfields
LEADER 00000uam a2200000 a 4500
001 in00004248539
005 20260128180943.4
006 m o d
007 cr cn
008 060613s2010 xx o eng
020 |z 9780321703453 
020 |z 0321699467 
020 |z 9780321699466 
020 |z 0321703456 
035 |a (CaSebORM)9780321703453 
040 |d UtOrBLW 
041 0 |a eng 
100 1 |a Holzner, Steven,  |e author.  |0 http://id.loc.gov/authorities/names/n85022934 
245 1 0 |a Objective-C :  |b Visual QuickStart Guide /  |c Holzner, Steven. 
250 |a 1st edition. 
264 1 |b Peachpit Press,  |c 2010. 
300 |a 1 online resource (240 pages) 
336 |a text  |b txt  |2 rdacontent 
337 |a computer  |b c  |2 rdamedia 
338 |a online resource  |b cr  |2 rdacarrier 
347 |a text file 
520 |a Objective C 2.0 is the object-oriented language that is the basis for Cocoa and Cocoa Touch, the development environment for the iPhone/iPod Touch.You'll learn all the basics: from handling data and creating functions to managing memory and handling exceptions. For programmers who want to develop iPhone apps, it's a must, and this title in the Visual QuickStart-style is the easy, fast way to get started. 
533 |a Electronic reproduction.  |b Boston, MA :  |c Safari,  |n Available via World Wide Web.  |d 2010. 
538 |a Mode of access: World Wide Web. 
542 |f Copyright © 2010 by Steven Holzner  |g 2010 
588 |a Online resource; Title from title page (viewed February 17, 2010) 
500 |a Electronic resource. 
655 7 |a Electronic books.  |2 local 
710 2 |a Safari, an O'Reilly Media Company. 
856 4 0 |u https://proxy.library.tamu.edu/login?url=https://go.oreilly.com/TAMU/library/view/-/9780321703453/?ar  |z Connect to this electronic resource  |t 0 
999 f f |s 1bc42ccb-9236-3be6-bbfd-1f1561f8c2f4  |i 9b890dc6-7174-3378-87d9-a38e220d1fce  |t 0 
952 f f |a Texas A&M University  |b College Station  |c Electronic Resources  |s www_evans  |d Available Online  |t 0  |h No information provided 
998 f f |t 0  |l Available Online